000 01580nam a2200205 a 4500
001 ASIN0745315305
005 20170105102923.0
008 131209s1999 xxu eng d
020 _a8190109863 (paperback)
_c$100.00
020 _a9780745315300 (paperback)
040 _a0
100 1 _aChomsky, Noam.
245 1 4 _aThe fateful triangle :
_bthe united states, israel and the palestinians /
_cNoam Chomsky.
250 _aUpdated.
260 _a[S.l.] :
_bPluto Press,
_c1999.
300 _a600 p. ;
_c23 cm.
520 _aSince its original publication in 1983, Fateful Triangle has become a classic in the fields of political science and Middle East affairs. This new edition features new chapters and a new introduction by Noam Chomsky and a foreword by Edward Said. Examining America's search for a 'reliable ally' in the Middle East, Chomsky untangles the intricacies of the US-Israeli-Palestinian relationship and lays bare the contortions, lies and misinformation that have been used over the years to obscure the real agenda. In the process he reveals the extent to which modern nation-states make claims for peace while actively pursuing very different objectives. In three new chapters Chomsky examines the Palestinian Uprising, the 'Limited War' in Lebanon and the Israeli-PLO Accords after the Oslo signings. This is a timely and much-needed corrective to the mythmaking that has obscured the real history of peace negotiations in the Middle East.
856 4 0 _3Amazon.com
_uhttp://www.amazon.com/exec/obidos/ASIN/0745315305/chopaconline-20
942 _2ddc
_cBK
999 _c15669
_d15669